Mcqs In Pediatric Dentistry / (Record no. 35179)

MARC details
000 -LEADER
fixed length control field 00457nam a22001697a 4500
005 - DATE AND TIME OF LATEST TRANSACTION
control field 20240306100151.0
008 - FIXED-LENGTH DATA ELEMENTS--GENERAL INFORMATION
fixed length control field 240226b |||||||| |||| 00| 0 eng d
020 ## - INTERNATIONAL STANDARD BOOK NUMBER
ISBN 9788181478559
082 ## - DEWEY DECIMAL CLASSIFICATION NUMBER
Classification number 617.629
Item number MUT-M
100 ## - MAIN ENTRY--AUTHOR
Author Name Muthu, M. S
245 ## - TITLE STATEMENT
Title Mcqs In Pediatric Dentistry /
Statement of responsibility, etc. M.S.Muthu
260 ## - PUBLICATION, DISTRIBUTION, ETC.
Place of Publication India :
Name of publisher, distributor, etc. Elsever ;
Date of publication, distribution, etc. 2005 .
300 ## - PHYSICAL DESCRIPTION
Pages xv , 307 p. :
500 ## - GENERAL NOTE
General note Include index.
650 ## - SUBJECT ADDED ENTRY--TOPICAL TERM
Subject / Department Medical / Dentistry
300 ## - PHYSICAL DESCRIPTION
-- ill ;
-- 18 cm.
952 ## - LOCATION AND ITEM INFORMATION (KOHA)
-- 0
-- 0
952 ## - LOCATION AND ITEM INFORMATION (KOHA)
-- 0
-- 0
952 ## - LOCATION AND ITEM INFORMATION (KOHA)
-- 0
-- 0
Holdings
Lost status Damaged status Collection code Permanent Location Current Location Shelving Location Date acquired Full Call Number Accession No./Barcode Date last seen item type Koha item type
    Medical Superior Information Resource Center (SIRC) Superior University- Central Library Superior Information Resource Center (SIRC) Superior University- Central Library Dentistry 02/26/2024 617.629 MUT-M 2005 13527 02/26/2024 BOOK BOOK
    Medical Superior Information Resource Center (SIRC) Superior University- Central Library Superior Information Resource Center (SIRC) Superior University- Central Library Dentistry 02/26/2024 617.629 MUT-M 2005 13528 02/26/2024 BOOK BOOK
    Medical Superior Information Resource Center (SIRC) Superior University- Central Library Superior Information Resource Center (SIRC) Superior University- Central Library Dentistry 02/26/2024 617.629 MUT-M 2005 13529 02/26/2024 BOOK BOOK

Powered by Koha